Numerical methods with computer programs in C++. (Record no. 2915)

MARC details
000 -LEADER
fixed length control field 00668nam a22002172 4500
001 - CONTROL NUMBER
control field 0000005106
005 - DATE AND TIME OF LATEST TRANSACTION
control field 20151217145823.0
008 - FIXED-LENGTH DATA ELEMENTS--GENERAL INFORMATION
fixed length control field 070606s xx 000 0 eng d
020 ## - INTERNATIONAL STANDARD BOOK NUMBER
International Standard Book Number 8120329872 :
Terms of availability KES 1,020
040 ## - CATALOGING SOURCE
Original cataloging agency KABU
Transcribing agency KABU
050 #0 - LIBRARY OF CONGRESS CALL NUMBER
Classification number QA297
Item number .G46
100 1# - MAIN ENTRY--PERSONAL NAME
Personal name Ghosh, Phallab.
-- 0000156203
245 10 - TITLE STATEMENT
Title Numerical methods with computer programs in C++.
260 ## - PUBLICATION, DISTRIBUTION, ETC. (IMPRINT)
Place of publication, distribution, etc. New Delhi :
Name of publisher, distributor, etc. Prentice Hall of India,
Date of publication, distribution, etc. 2006.
300 ## - PHYSICAL DESCRIPTION
Extent vi, 624 p.
650 #0 - SUBJECT ADDED ENTRY--TOPICAL TERM
Topical term or geographic name as entry element Numerical analysis
General subdivision Computer program.
-- 0000156204
908 ## - PUT COMMAND PARAMETER (RLIN)
Put command parameter 070606
950 ## - LOCAL HOLDINGS (RLIN)
-- 1
Holdings
Withdrawn status Lost status Source of classification or shelving scheme Not for loan Home library Current library Date acquired Total Checkouts Full call number Barcode Date last seen Date last checked out Price effective from Koha item type
    Library of Congress Classification   Kabarak, Main Campus Kabarak, Main Campus 17/12/2015 1 QA297 .G46 008573 17/02/2020 10/02/2020 17/12/2015 General Collection
    Library of Congress Classification   Kabarak, Main Campus Kabarak, Main Campus 17/12/2015   QA297 .G46 008574 17/12/2015   17/12/2015 General Collection
Designed with assistance from East African Informatics Ltd